000 00312nam a22001337a 4500
008 170621b xxu||||| |||| 00| 0 eng d
020 _a091331299
041 _aeng
080 _a32
100 _a20
101 _aSHP
245 _aREVOLUTIONS OF THE LATE TWENTIETH CENTURY
_cGOLDSTONE.J.A
942 _2udc
_cBK
999 _c18369
_d18369